000 00514pab a2200169 454500
008 180718b2010 xxu||||| |||| 00| 0 eng d
100 _aPolese, Mario
245 _aChanges at the top: A cross-country examination over the 20th century of the rise (and fall) in rank of the top cities in national urban hierarchies
260 _c2010
300 _ap.1843-1860.
362 _aAug
650 _aUrban development
700 _aDenis-Jacob, Jonathan
773 _aUrban Studies
908 _aN
909 _a90908
999 _c90908
_d90908